Normas para la política de inventarios
Wedi'i Gadw mewn:
| Prif Awdur: | |
|---|---|
| Fformat: | Llyfr |
| Iaith: | Sbaeneg |
| Cyhoeddwyd: |
Santiago
INSORA
1969
|
| Pynciau: | |
| Tagiau: |
Ychwanegu Tag
Dim Tagiau, Byddwch y cyntaf i dagio'r cofnod hwn!
|
MARC
| LEADER | 00000nam a2200000 a 4500 | ||
|---|---|---|---|
| 001 | UCR9651 | ||
| 003 | CL-VaPUC | ||
| 008 | 980613e19690000CL |||||||||||||||||spa|d | ||
| 082 | 0 | 4 | |a 658.787 |b MAG |2 21 |
| 100 | |a Magee, John F. |e autor |9 416189 | ||
| 245 | 1 | 0 | |a Normas para la política de inventarios |
| 300 | |a 105 p | ||
| 942 | |c BK | ||
| 945 | |d 19980613 00:00:00 |a cmena | ||
| 260 | |a Santiago |b INSORA |c 1969 | ||
| 650 | 0 | |a Inventarios |9 263681 | |
| 650 | 7 | |a CONTROL DE STOCK |2 CL-VaPUC |9 412404 | |
| 650 | 0 | |a Costos |9 261063 | |
| 650 | 0 | |a Administración de empresas |9 260833 | |
| 650 | 7 | |a PLANIFICACION Y CONTROL |2 CL-VaPUC |9 412405 | |
| 650 | 0 | |a Producción |9 263680 | |
| 650 | 0 | |a Sistemas de control |9 263596 | |
| 583 | |a last modification |c 19980613 00:00:00 |k Rodrigo Vera | ||
| 999 | |c 270836 |d 270834 | ||
| 952 | |0 0 |1 0 |4 0 |6 658_787000000000000_MAG_1969 |7 0 |8 A |9 305249 |a BIBGIM |b BIBGIM |d 2019-11-20 |i 1419986 |o 658.787 MAG 1969 |p 1419986 |r 2025-01-15 |w 2019-11-20 |y BK |k COM | ||